00386nam a22001337a 450000500170000000800410001704100120005808200130007010000120008324500380009526000650013330000290019865000250022720240807082617.0240807b |||||||| |||| 00| 0 eng d aEnglish a349 TRA  lEnglish aTransvaal Law Reports: High Court aGrahamstown, Cape Colony: bAfrican Book Company Ltd, c1907 bix, 310 pages; c25 cm.  aLegal practice bLaw